[Event "22nd Alekhine Master 2018"]
[Site "Voronezh"]
[Date "2018.06.21"]
[Round "9"]
[White "Volkov, Sergey"]
[Black "Drygalov, Andrey"]
[Result "1-0"]
[WhiteElo "2580"]
[BlackElo "2435"]
[Annotator "TA"]
[PlyCount "129"]
[EventDate "2018.06.21"]
[EventType "swiss"]
[EventCountry "RUS"]
[SourceTitle "playchess.com"]
[Source "ChessBase"]
[SourceQuality "1"]

{[%evp 18,129,15,6,30,14,13,11,18,18,25,22,24,17,29,0,0,0,24,40,60,26,41,23,29,29,25,22,24,23,27,10,12,0,0,0,0,0,0,0,11,0,0,0,0,0,0,0,0,0,0,0,4,6,8,10,25,0,77,70,72,80,115,96,100,96,119,101,128,136,121,128,131,133,114,128,139,150,191,156,164,156,260,255,331,341,399,399,399,399,392,387,634,646,624,621,830,830,716,705,811,787,725,710,765,678,830,778,827,822,741,663,630,627]} 1. d4 d5 2. c4 c6 3. Nf3 Nf6 4. e3 Bf5 5. Nc3 e6 6. Nh4 Bg6 7. Qb3 {D12: Slav Defence: 3 Nf3 Nf6 4 e3 Bf5} (7. Bd2 Nbd7 8. Nxg6 hxg6 9. c5 e5 10. b4 Be7 11. b5 O-O 12. Qa4 Re8 13. bxc6 bxc6 14. Be2 exd4 15. exd4 Nxc5 16. dxc5 {0-1 (25) Bluebaum,M (2631)-Vitiugov,N (2735) Karlsruhe/Baden-Baden 2018}) 7... Qc7 8. Nxg6 hxg6 9. Bd2 Nbd7 10. g3 {LiveBook: 65 Games} Rc8 11. Be2 Be7 12. O-O $146 ({Predecessor:} 12. O-O-O dxc4 13. Bxc4 b5 14. Be2 b4 {1-0 (38) Zhang,A (2207)-Chevannes,S (2086) England 2016}) 12... O-O 13. Rfd1 dxc4 14. Bxc4 b5 15. Bf1 a6 16. a4 {[%cal Ra4b5,Ba2a4,Ba4a5][%mdl 32]} b4 17. Ne2 c5 18. a5 e5 19. dxc5 Bxc5 20. Nc1 ({Don't play} 20. Bxb4 Qb7 $17) 20... e4 $1 21. Bxa6 {aiming for Qa4.} Ra8 22. Be2 {Qa4 is the strong threat.} Rxa5 23. Rxa5 Qxa5 24. Qa2 (24. Qc2 {with more complications.} Qb6 25. Nb3 Be7 26. Rc1 Rd8 27. Qc7) 24... Qb6 25. Qa6 Qxa6 26. Bxa6 Ra8 27. Be2 Be7 28. Nb3 Ra2 29. Bc1 Ne5 30. Rd4 g5 31. h3 Ra7 32. Kf1 g6 33. Ke1 Kg7 34. Nd2 Ra8 35. Nc4 Nc6 36. Rd1 Kf8 37. b3 (37. Bf1 {is more complex.} g4 38. h4 Ne8 39. Be2 f5 40. Rd7) 37... Rd8 (37... Na5 $11) 38. Rxd8+ $16 Bxd8 39. Nd2 $1 Bc7 40. Bb5 $1 {[%cal Rb5c6]} Ne5 41. Bb2 Ke7 42. g4 Nh7 43. Nxe4 f5 44. gxf5 gxf5 45. Ng3 f4 46. Nf5+ Ke6 47. Nd4+ Kd5 48. Ke2 fxe3 49. fxe3 Nf6 (49... g4 $16) 50. Ba6 $18 Bb6 51. Bb7+ Kd6 52. Nf5+ ({Less strong is} 52. Nb5+ Ke6 $18) 52... Ke6 53. Bc8+ $1 Kd5 {[#]} 54. e4+ $1 {[%mdl 512]} Kxe4 $2 {[#]} (54... Nxe4 55. Bb7+ Nc6 56. Ne7+ Kd6 57. Nxc6 Nc5) 55. Nd6+ $1 {White is clearly winning.} Kd5 56. Bxe5 $1 Kxe5 {[%mdl 4096] Endgame KBN-KBN} 57. Nc4+ Kd4 58. Nxb6 Ne4 59. Na4 Nd6 60. Bd7 Ke4 61. Bc6+ Kf4 62. Nc5 Nf5 63. Bd7 Nd4+ 64. Kf2 Ke5 65. Ba4 {Precision: White = 73%, Black = 51%.} 1-0

[Event "22nd Alekhine Master 2018"]
[Site "Voronezh"]
[Date "2018.06.21"]
[Round "9"]
[White "Bocharov, Dmitry"]
[Black "Popov, Ivan"]
[Result "1-0"]
[WhiteElo "2576"]
[BlackElo "2608"]
[Annotator "TA"]
[PlyCount "83"]
[EventDate "2018.06.21"]
[EventType "swiss"]
[EventCountry "RUS"]
[SourceTitle "playchess.com"]
[Source "ChessBase"]
[SourceQuality "1"]

{[%evp 18,83,18,18,39,40,37,29,31,0,9,-17,0,0,0,0,0,0,12,3,35,16,0,29,60,23,18,34,33,30,83,87,112,72,76,69,70,58,86,34,40,49,189,74,168,168,209,222,216,207,250,250,263,252,491,411,676,719,695,712,706,716,789,792,799,765,721,477]} 1. c4 e5 2. g3 Nc6 {[%cal Bb8c6,Bc6d4,Bd4f3][%mdl 32]} 3. Bg2 g6 4. Nc3 Bg7 5. d3 d6 6. e4 Nd4 7. Nge2 Bg4 {A26: English Opening vs King's Indian with ...Nc6 and d3} 8. h3 Bf3 9. Bxf3 (9. O-O Nxe2+ 10. Nxe2 Bxg2 11. Kxg2 Ne7 12. d4 exd4 13. Nxd4 O-O 14. Rb1 Qd7 15. Re1 {½-½ (24) Laznicka,V (2676)-Smirin,I (2655) Poikovsky 2015}) 9... Nxf3+ 10. Kf1 {LiveBook: 5 Games} Ne7 11. Kg2 Nd4 12. Nxd4 exd4 13. Ne2 Qd7 14. Bg5 $146 ({Predecessor:} 14. b4 f5 15. exf5 Nxf5 {½-½ (45) Suba,M (2341)-Zhelnin,V (2471) Katerini 2014}) 14... f6 15. Bd2 f5 16. Nf4 fxe4 17. dxe4 Nc6 18. Rc1 O-O-O 19. c5 dxc5 20. Rxc5 Qe7 21. Qg4+ Kb8 22. Nd3 h5 23. Qe2 Rhe8 (23... h4 $11) 24. f3 h4 25. Bg5 Bf6 26. gxh4 Rh8 27. a3 $36 {[%mdl 2048] White fights for an advantage.} Rh5 {[%cal Rf6g5]} 28. f4 ({White should try} 28. Bxf6 $1 $16 Qxf6 29. Rxh5 gxh5 30. f4) 28... Bxg5 $1 $14 29. hxg5 Re8 {[#]} (29... Rdh8 $1 $14) 30. Rcc1 ({Weaker is} 30. e5 Rh4 $11) (30. h4 $1 $18) 30... Nd8 {[#]} (30... Reh8 $16) 31. h4 $1 $18 Nf7 32. Qf3 Nd6 33. Ne5 Qe6 34. Qh3 Qa2 35. Rc2 Nxe4 $2 (35... a6 {was necessary.} 36. Rd1 Reh8 37. Nxg6 Qf7 38. Nxh8 Qxf4) 36. Qd7 {[%cal Rd7e8]} Qe6 (36... Rhh8 $142 37. Qxc7+ (37. Qxd4 Nd6 $16) 37... Ka8) 37. Rxc7 {White is clearly winning.} Qxd7 38. Rxd7 Nc5 39. Rxd4 Ne6 40. Re4 Nxf4+ 41. Kf3 Ne6 42. Nd7+ {Precision: White = 68%, Black = 36%.} 1-0

[Event "22nd Alekhine Master 2018"]
[Site "Voronezh"]
[Date "2018.06.21"]
[Round "9"]
[White "Belous, Vladimir"]
[Black "Maghsoodloo, Parham"]
[Result "1/2-1/2"]
[WhiteElo "2555"]
[BlackElo "2638"]
[Annotator "TA"]
[PlyCount "120"]
[EventDate "2018.06.21"]
[EventType "swiss"]
[EventCountry "RUS"]
[SourceTitle "playchess.com"]
[Source "ChessBase"]
[SourceQuality "1"]

{[%evp 12,120,34,31,49,49,48,50,53,50,50,42,29,37,32,28,40,41,32,29,38,26,33,29,26,14,12,18,27,27,20,10,36,29,36,31,28,30,32,27,50,18,22,6,16,17,28,0,0,0,0,0,0,0,0,0,0,0,0,0,0,5,5,0,0,0,0,0,0,0,0,0,0,0,0,0,0,0,0,0,0,-14,-14,-14,-14,-14,0,0,0,0,0,0,0,0,0,0,0,0,0,0,0,0,0,0,0,0,0,0,0,0,0]} 1. d4 d5 2. c4 c6 3. Nf3 Nf6 4. e3 a6 5. Bd3 Bg4 6. Qb3 {D11: Slav Defence: 3 Nf3 sidelines and 3...Nf6 4 e3 Bg4} (6. Nbd2 e6 7. b3 c5 8. Bb2 cxd4 9. exd4 Nc6 10. O-O Be7 11. a3 O-O 12. c5 Re8 13. b4 Bf8 {0-1 (30) Karjakin,S (2760)-Eljanov,P (2711) Riadh 2017}) 6... Qc7 7. Ne5 {LiveBook: 11 Games} Nbd7 8. Nxg4 $146 {White is slightly better.} ({Predecessor:} 8. f4 e6 9. Nc3 dxc4 10. Qxc4 c5 11. Qa4 cxd4 12. exd4 Bd6 13. Nb5 Qc6 14. Nxc6 {1-0 (14) Del Rey,D (2408)-Bussa,P (1919) Lugano 2009}) 8... Nxg4 9. cxd5 cxd5 10. Nc3 e6 11. e4 dxe4 12. Bxe4 Rb8 13. Bf3 Ngf6 14. Be3 Bd6 15. Rc1 {[#] And now Ne4 would win.} Qb6 16. Qc2 O-O 17. O-O Qa5 18. a3 Rfc8 19. Qd3 Nb6 20. Ne4 Nxe4 21. Bxe4 {Black should prevent Rxc8+.} Qh5 {[%csl Gd6][%cal Rh5h2] [#]} 22. g3 Rd8 23. Rc2 Nd5 24. Bd2 Be7 25. Rfc1 Bf6 26. Rc4 g6 27. Bf3 Qf5 28. Qe2 Bg5 29. Be4 Qf6 {The position is equal.} 30. Bxg5 Qxg5 31. Bg2 Nb6 32. Rc5 Qf6 33. Qe5 Nd7 34. Qxf6 Nxf6 35. Rc7 Nd5 36. Bxd5 Rxd5 37. Rc8+ (37. R1c3 {with more complications.} b5 38. Ra7 Rxd4 39. Rcc7 Rf8 40. Rxa6 Rd3 41. Kg2) 37... Rxc8 38. Rxc8+ $11 {[%mdl 4096] Endgame KR-KR} Kg7 39. Rc7 b6 40. Rc6 Rb5 41. b4 a5 42. bxa5 Rxa5 43. Rxb6 Rxa3 44. Rb4 g5 45. Rb5 Kf6 46. Kf1 Ra1+ 47. Kg2 Rd1 48. Rb4 h5 49. h3 Kf5 50. Rb5+ Kg6 51. Rb4 Rd3 52. Kf1 Rd1+ 53. Kg2 f5 54. Kf3 Re1 55. Rb6 g4+ 56. Kg2 Kf7 57. Rb7+ Kf6 58. Rh7 Kg6 59. Re7 Re4 60. Re8 Kf7 {Precision: White = 80%, Black = 74%.} 1/2-1/2

[Event "22nd Alekhine Master 2018"]
[Site "Voronezh"]
[Date "2018.06.21"]
[Round "9"]
[White "Maiorov, Nikita"]
[Black "Drygalov, Sergey"]
[Result "1/2-1/2"]
[WhiteElo "2533"]
[BlackElo "2428"]
[Annotator "TA RC"]
[PlyCount "82"]
[EventDate "2018.06.21"]
[EventType "swiss"]
[EventCountry "RUS"]
[SourceTitle "playchess.com"]
[Source "ChessBase"]
[SourceQuality "1"]

{[%evp 26,82,7,14,46,19,28,0,30,14,21,12,22,-18,0,-16,0,-77,-54,-52,-46,-37,-30,-56,0,0,0,-12,-12,-20,0,0,0,-69,-27,-24,-20,-29,-33,-35,-29,-21,-14,-40,-40,-104,-48,-75,0,-95,0,0,0,0,0,-5,0,0,0]} 1. d4 d5 2. c4 c6 3. Nc3 Nf6 4. e3 e6 5. Nf3 Nbd7 6. Qc2 Bd6 7. Bd3 O-O 8. O-O dxc4 9. Bxc4 b5 10. Be2 Bb7 11. a3 a6 {D46: Semi-Slav: 5 e3 Nbd7 6 Bd3, Black avoids the Meran} 12. b4 a5 13. Rb1 axb4 14. axb4 {[#] LiveBook: 13 Games} e5 $146 ({Predecessor:} 14... Re8 15. e4 e5 16. h3 Qe7 17. Qb3 exd4 18. Nxd4 Nxe4 19. Nf5 {½-½ (27) Esipenko,A (2564)-Gelfand,B (2697) Moscow 2017}) 15. dxe5 Nxe5 16. Nd4 Re8 17. Nf5 Bf8 18. e4 Bc8 19. Ne3 Qb6 20. Kh1 Be6 21. Bd2 (21. f4 $11 {remains equal.} Nc4 22. Nxc4 Bxc4 23. Bxc4 bxc4 24. e5) 21... Nfg4 22. Ncd1 Ra2 23. Rb2 Rxb2 24. Nxb2 Nxe3 (24... Qd4 $15 25. Bxg4 Nxg4 26. Nxg4 Bxg4) 25. Bxe3 $11 Qa6 26. Bc5 Bxc5 27. Qxc5 Nc4 28. Nxc4 Bxc4 29. Qe3 (29. Bxc4 $11 bxc4 30. f3) 29... Bxe2 30. Qxe2 $15 {[%mdl 4096] Endgame KQR-KQR} Qa3 $36 {[%mdl 2048] Black has some pressure.} 31. Rb1 Qc3 32. h3 h6 33. f3 Rd8 34. e5 Rd2 35. Qe1 {[#]} (35. Qe4 $15) 35... Rc2 ({Black should try} 35... Qc2 $1 $17 36. Rc1 Qb2) 36. Qd1 Rd2 37. Qe1 $1 {[#]} Rd3 ({Better is} 37... Qc2 $1 $17 38. Rc1 Qb2) 38. e6 $11 {Black must now prevent e7.The position is equal.} Qxe1+ 39. Rxe1 {And now e7 would win.} Kf8 40. exf7 Rd4 41. Re6 Rc4 {Precision: White = 45%, Black = 26%.} 1/2-1/2

[Event "22nd Alekhine Master 2018"]
[Site "Voronezh"]
[Date "2018.06.21"]
[Round "9"]
[White "Iljiushenok, Ilia"]
[Black "Ponkratov, Pavel"]
[Result "1-0"]
[WhiteElo "2530"]
[BlackElo "2622"]
[Annotator "TA"]
[PlyCount "35"]
[EventDate "2018.06.21"]
[EventType "swiss"]
[EventCountry "RUS"]
[SourceTitle "playchess.com"]
[Source "ChessBase"]
[SourceQuality "1"]

{[%evp 22,35,40,37,37,39,34,23,52,48,49,44,358,360,533,545]} 1. e4 e6 2. d4 d5 3. Nc3 Bb4 4. e5 c5 5. a3 Bxc3+ 6. bxc3 Qc7 7. Qg4 f6 8. Nf3 c4 9. Be2 {C18: Französische Verteidigung (Nimzowitsch-Variante)} (9. h4 Nc6 10. Bf4 h5 11. Qg3 Qf7 12. Be2 Bd7 13. O-O O-O-O 14. a4 Nge7 15. a5 Nf5 16. Qh2 Rdg8 {0-1 (53) Anand,V (2803)-Ponkratov,P (2604) Berlin 2015}) 9... Qf7 10. O-O Nc6 11. Qg3 Bd7 12. exf6 {LiveBook: 3 Partien} gxf6 13. Qc7 Bc8 14. Qd6 Qe7 15. Qg3 Bd7 {[#]} 16. Ne5 $146 {Schwarz muss nun Lh5+ beachten.} ({Vorgänger:} 16. Qc7 Bc8 {½-½ (63) Novikov,S (2540)-Lysyj,I (2617) Biel 2009}) 16... fxe5 $4 {[%mdl 8192] [#]} (16... O-O-O $1 $14) 17. Bh5+ $1 $18 Kf8 (17... Kd8 {war nötig.}) 18. Bg5 1-0

[Event "22nd Alekhine Master 2018"]
[Site "Voronezh"]
[Date "2018.06.21"]
[Round "9"]
[White "Tsydypov, Zhamsaran"]
[Black "Faizrakhmanov, Ramil"]
[Result "1/2-1/2"]
[WhiteElo "2522"]
[BlackElo "2388"]
[Annotator "TA"]
[PlyCount "27"]
[EventDate "2018.06.21"]
[EventType "swiss"]
[EventCountry "RUS"]
[SourceTitle "playchess.com"]
[Source "ChessBase"]
[SourceQuality "1"]

{[%evp 9,21,-4,0,-20,-28,-41,-8,2,0,0,-11,-33,-10,-35]} 1. d4 Nf6 2. c4 e6 3. Nc3 Bb4 4. Qc2 O-O 5. Nf3 c5 {LiveBook: 790 Partien} (5... d5 6. Bg5 h6 7. Bxf6 Qxf6 8. a3 Bxc3+ 9. Qxc3 dxc4 10. Qxc4 Nc6 11. Rd1 Rd8 12. e4 e5 13. d5 Bg4 14. dxc6 Bxf3 {½-½ (49) Mamedyarov,S (2808)-Nakamura,H (2769) Stavanger 2018}) 6. g3 {E32: Nimzoindisch (4.Dc2)} cxd4 7. Nxd4 Nc6 8. Nxc6 $1 bxc6 9. Bg2 d5 10. a3 Be7 11. O-O {Vorgänger:} Qc7 $146 12. cxd5 cxd5 13. Qd3 a6 14. Bf4 {1-0 (34) Mitscherling,R (1926)-Wojtkowiak,H (1808) Plau am See 2001} 1/2-1/2

[Event "22nd Alekhine Master 2018"]
[Site "Voronezh"]
[Date "2018.06.21"]
[Round "9"]
[White "Demidov, Mikhail"]
[Black "Kryakvin, Dmitry"]
[Result "0-1"]
[WhiteElo "2513"]
[BlackElo "2592"]
[Annotator "TA"]
[PlyCount "152"]
[EventDate "2018.06.21"]
[EventType "swiss"]
[EventCountry "RUS"]
[SourceTitle "playchess.com"]
[Source "ChessBase"]
[SourceQuality "1"]

{[%evp 10,152,-41,-51,-42,-30,-34,-35,-20,-56,-39,-39,-43,-32,-33,-34,-34,-38,-29,-34,-22,-37,-16,-40,-28,-33,-32,-52,-40,-56,-36,-37,-35,-28,-35,-29,-28,-36,-29,-35,-35,-33,-28,-35,-35,-35,-25,-32,-18,-93,-68,-93,-74,-79,-89,-85,-78,-85,-84,-107,-69,-77,-61,-78,-76,-59,-26,-129,-134,-183,-180,-377,-369,-345,-359,-351,-323,-476,-476,-509,-453,-530,-493,-493,-394,-358,-363,-563,-561,-825,-814,-765,-749,-700,-459,-455,-452,-450,-444,-443,-439,-437,-435,-429,-403,-510,-410,-466,-464,-426,-414,-379,-332,-635,-456,-627,-435,-1093,-1046,-1196,-1109,-1112,-1079,-1630,-1522,-6079,-6079,-4714,-4702,-2883,-2077,-1291,-1258,-29988,-29987,-29987,-29988,-29988,-29987,-29987,-4710,-29988,-29989,-29990,-29988]} 1. Nf3 {Vidit,S} c5 2. b3 d5 3. e4 dxe4 4. Ng5 Nf6 5. Bc4 e6 6. Nc3 {LiveBook: 3 Games. A06: Réti Opening:1 Nf3 d5} Nc6 7. Bb2 Be7 8. O-O {Black is slightly better.} O-O 9. Re1 $146 ({Predecessor:} 9. Ncxe4 Nxe4 10. Nxe4 e5 {1-0 (21) Carlsen,M (2872)-Anand,V (2773) Zuerich 2014 CBM 158 Extra [Vidit,S]}) 9... b6 10. Ncxe4 h6 11. Nxf6+ Bxf6 12. Bxf6 Qxf6 13. Ne4 Qe7 14. Ng3 Bb7 15. Bd5 Rad8 16. Bf3 Nd4 {Hoping for ...Bxf3.} 17. Bxb7 Qxb7 18. Re5 Qc7 19. Re1 Rd5 20. d3 Qb7 21. Ne4 Rfd8 22. a4 Qc6 23. Qd2 R5d7 24. Rad1 e5 25. Ng3 f6 26. Nf1 Kh8 27. f3 a6 28. Ne3 b5 29. axb5 (29. Qf2 $11) 29... axb5 $17 30. Qf2 Ra7 31. h3 Ra2 32. Rd2 Qa8 33. Red1 Qa5 34. f4 Qc7 35. fxe5 Qxe5 36. Ng4 Qg5 37. Nh2 Qh5 {[#] Threatens to win with ...Rxc2!} 38. Re1 (38. Rf1 $11 {remains equal.}) 38... Re8 39. Rxe8+ Qxe8 40. b4 $2 {[#]} (40. Nf1) 40... Qe5 $1 $19 41. bxc5 Ra1+ (41... Qxc5 42. Nf3 $17) 42. Nf1 {White wants to play c3.} Qxc5 43. Kh2 (43. h4 $142) 43... Qe5+ 44. Kg1 b4 45. h4 h5 46. g3 Rc1 ({Not} 46... Qd5 47. Qg2 $19) 47. Qg2 Qc5 48. Qa8+ (48. Kh2 {was called for.} Rxc2 49. Rxc2 Nxc2 50. Nd2) 48... Kh7 49. Kg2 Rxc2 50. Qe4+ f5 51. Qe8 Qc6+ 52. Qxc6 Rxc6 {[%mdl 4096] Endgame KRN-KRN} 53. Ne3 b3 54. Nc4 Kh6 55. Kf2 Re6 56. Rb2 g5 57. Kf1 Kg6 58. Rb1 gxh4 59. gxh4 f4 60. Nd2 Rb6 61. Nc4 $2 (61. Ra1) 61... Rb8 62. Kf2 Kf5 63. Rg1 (63. Nd2 $142) 63... Ra8 64. Rg5+ Kf6 65. Rd5 Ra2+ 66. Kf1 Nf5 67. Rb5 f3 68. Rb6+ Ke7 69. Rb7+ Kd8 70. Rb8+ Kc7 {( -> ...Ng3+)} 71. Rg8 b2 72. Nxb2 Rxb2 73. Rf8 Ng3+ 74. Ke1 Re2+ 75. Kd1 f2 76. d4 Re1+ {Precision: White = 45%, Black = 77%.} 0-1

[Event "22nd Alekhine Master 2018"]
[Site "Voronezh"]
[Date "2018.06.21"]
[Round "9"]
[White "Gabrielian, Artur"]
[Black "Matinian, Nikita"]
[Result "0-1"]
[WhiteElo "2506"]
[BlackElo "2496"]
[Annotator "TA"]
[PlyCount "66"]
[EventDate "2018.06.21"]
[EventType "swiss"]
[EventCountry "RUS"]
[SourceTitle "playchess.com"]
[Source "ChessBase"]
[SourceQuality "1"]

{[%evp 19,66,-32,0,0,0,8,3,-25,0,-4,0,-10,0,-9,0,-16,-6,-12,-8,-13,11,8,7,-50,-40,-100,-55,-124,-162,-154,-156,-181,-164,-168,-86,-88,-68,-134,-126,-180,-186,-656,-585,-733,-727,-712,-691,-766,-746]} 1. e4 e5 2. Nf3 Nc6 3. Bc4 Nf6 4. d3 Bc5 5. c3 O-O 6. Bg5 h6 {C54: Giuoco Piano: 4 c3 Nf6, main lines with 5 d4 and 5 d3} 7. Bh4 Be7 8. Bg3 d6 9. Nbd2 Na5 10. Bb5 a6 {LiveBook: 3 Games} 11. Ba4 b5 12. Bc2 c5 13. a4 $146 ({Predecessor:} 13. Nf1 Bb7 14. Ne3 {½-½ (46) Anand,V (2783)-Le,Q (2739) Saint Louis 2017}) 13... b4 14. cxb4 cxb4 15. Nb3 Nh5 16. Nxa5 Qxa5 17. Bb3 Bb7 18. Nxe5 Nxg3 19. Nc4 Qh5 20. fxg3 Qc5 $1 21. Rf1 (21. d4 $11 Qc6 22. O-O) 21... Rae8 {[%mdl 1024] Black has compensation.} 22. Rc1 (22. Rf2 $15) 22... Bg5 23. Nd2 (23. Rc2 $15) 23... Qd4 $17 ({Not} 23... Qe3+ 24. Qe2 $11) 24. Rc4 {[#]} Qb6 $1 ({Don't play} 24... Qxb2 25. Rxb4 Bd5 26. h4 $17) ({Resist} 24... Qxd3 25. Rf3 $15) 25. Rc2 d5 $1 26. Qe2 dxe4 (26... Bxd2+ $1 $19 27. Rxd2 dxe4) 27. Nxe4 Kh8 {Threatens to win with ...f5.} 28. Bxf7 {[#]} ({White should try} 28. h4 $1 $15 f5 29. hxg5 fxe4 30. d4 Qxd4 31. Rf2) 28... Re7 $1 29. Bh5 (29. Bb3 $17 {was called for.} Rfe8 30. Rc4) 29... Rd8 $19 30. Bf3 $2 (30. h4 Bf6 31. Rxf6 gxf6 32. Qf2) 30... b3 {Black is clearly winning.} 31. Rc4 Bd5 32. Rc3 Bf6 33. Rc1 Qb4+ {Precision: White = 31%, Black = 59%.} 0-1

[Event "22nd Alekhine Master 2018"]
[Site "Voronezh"]
[Date "2018.06.21"]
[Round "9"]
[White "Khanin, Semen"]
[Black "Tiviakov, Sergei"]
[Result "1/2-1/2"]
[WhiteElo "2485"]
[BlackElo "2580"]
[Annotator "TA"]
[PlyCount "23"]
[EventDate "2018.06.21"]
[EventType "swiss"]
[EventCountry "RUS"]
[SourceTitle "playchess.com"]
[Source "ChessBase"]
[SourceQuality "1"]

{[%evp 11,23,51,74,39,37,17,29,37,50,26,59,58,62,23]} 1. e4 d5 2. exd5 Qxd5 3. Nc3 Qd6 4. d4 g6 (4... Nf6 5. a3 c6 6. Bc4 Be6 7. Bxe6 Qxe6+ 8. Nge2 Qd7 9. O-O e6 10. Ng3 Be7 11. Nce4 Nxe4 12. Nxe4 Qd5 {0-1 (38) Mamedov,R (2709)-Carlsen,M (2834) chess.com INT 2018}) 5. Nf3 Bg7 6. Nb5 {[%cal Bc3b5,Bb5a3,Ba3c4][%mdl 32] B01: Scandinavian Defence} Qb6 {LiveBook: 18 Games} 7. c3 {Strongly threatening d5.} Nf6 8. Na3 O-O $146 ({Predecessor:} 8... Be6 9. Nc4 Bxc4 10. Bxc4 O-O 11. O-O Nbd7 12. a4 {0-1 (37) Juhasz,B (2175)-Rudolf,A (2329) Budapest 2015}) 9. Nc4 Qe6+ 10. Nce5 Nc6 11. Bc4 $1 {[%cal Rc4e6]} Qd6 12. Qb3 1/2-1/2

[Event "22nd Alekhine Master 2018"]
[Site "Voronezh"]
[Date "2018.06.21"]
[Round "9"]
[White "Akash Pc, Iyer"]
[Black "Korneev, Oleg"]
[Result "1/2-1/2"]
[WhiteElo "2435"]
[BlackElo "2517"]
[Annotator "TA"]
[PlyCount "101"]
[EventDate "2018.06.21"]
[EventType "swiss"]
[EventCountry "RUS"]
[SourceTitle "playchess.com"]
[Source "ChessBase"]
[SourceQuality "1"]

{[%evp 23,101,-17,-18,-40,-14,-27,0,-29,-19,-27,0,-36,-41,-51,-26,-30,-23,-42,-13,-10,-7,-18,0,0,0,0,0,0,0,0,0,0,0,0,0,0,0,0,60,-120,-99,-87,-14,-14,-14,-18,-26,-58,0,0,0,0,0,-7,0,0,0,0,0,0,0,0,0,0,0,0,0,0,0,0,0,0,4,0,0,0,8,0,0,0]} 1. d4 d5 2. c4 c6 3. Nf3 Nf6 4. g3 Bf5 5. Bg2 e6 6. O-O Be7 7. Nc3 Nbd7 {[%cal Bb8d7,Bd7f6,Bf6e4][%mdl 32]} 8. Nd2 O-O {D11: Slav Defence: 3 Nf3 sidelines and 3...Nf6 4 e3 Bg4} 9. e4 dxe4 10. Ndxe4 Nxe4 11. Nxe4 Nf6 12. Nc3 Qb6 {LiveBook: 8 Games} 13. Na4 Qa6 (13... Qa5 {is interesting.} 14. Bd2 Qa6 15. Qb3 Rad8 16. Be3 Ng4) 14. Qb3 Be4 $146 ({Predecessor:} 14... Rad8 15. Rd1 Be4 16. Bf1 {0-1 (48) Vajda,L (2554)-Havasi,G (2319) Zalakaros 2015}) 15. Bxe4 Nxe4 16. Qc2 Nf6 17. Bg5 Rfd8 18. Rfd1 h6 19. Bf4 b5 20. Nc5 Bxc5 21. cxb5 Qxb5 22. dxc5 Rxd1+ 23. Rxd1 Nd5 24. Bd6 a5 25. Rd4 Re8 26. Be5 f6 27. Qg6 Rf8 $1 28. Bd6 Rf7 29. Qc2 Nb4 30. Qg6 Qe2 (30... Nd5 $11) 31. Qb1 $2 (31. Bf4 $1 $14 {was the only good move.} Nd5 32. Bxh6) 31... e5 32. Re4 {[#]} Qd3 (32... Qd2 $1 $17) 33. Qxd3 $11 Nxd3 {[%mdl 4096] Endgame KRB-KRN} 34. b3 Rb7 35. f4 {[%cal Rf4e5]} Rb5 (35... Rb4 $15 36. Rxb4 axb4) 36. fxe5 {The position is equal.} fxe5 37. Re3 Nc1 38. a4 Rxb3 39. Rxe5 Rb4 40. Re8+ Kf7 41. Rc8 Rxa4 42. Rxc6 Ne2+ 43. Kf2 Nd4 44. Ra6 Ra2+ 45. Kf1 Ra1+ 46. Kg2 {White wants to play c6.} Ra2+ 47. Kh3 Ke6 48. Bf8+ Kf7 49. Bd6 {With the idea c6.} Ke6 50. Bf8+ Kf7 51. Bd6 {Precision: White = 41%, Black = 58%.} 1/2-1/2

[Event "22nd Alekhine Master 2018"]
[Site "Voronezh"]
[Date "2018.06.21"]
[Round "9"]
[White "Nesterov, Arseniy"]
[Black "Savchenko, Boris"]
[Result "0-1"]
[WhiteElo "2317"]
[BlackElo "2565"]
[Annotator "TA RC"]
[PlyCount "62"]
[EventDate "2018.06.21"]
[EventType "swiss"]
[EventCountry "RUS"]
[SourceTitle "playchess.com"]
[Source "ChessBase"]
[SourceQuality "1"]

{[%evp 19,62,0,0,0,0,0,0,0,0,0,0,-22,-8,-6,-15,0,4,-19,0,0,0,-72,0,0,62,-101,-56,-40,-49,-49,-49,-35,-46,-67,-75,-72,-17,-39,-26,-40,-41,-717,-710,-693,-678]} 1. d4 Nf6 2. c4 g6 3. Nc3 d5 4. e3 Bg7 5. cxd5 Nxd5 6. Nxd5 {D80: Grünfeld: Unusual White 4th moves and 4 Bg5} Qxd5 7. Ne2 O-O 8. Nc3 Qd8 (8... Qd6 9. Be2 c6 10. O-O e5 11. dxe5 Qxe5 12. e4 Nd7 13. Be3 {0-1 (36) Rakhmanov,A (2653)-Li,C (2732) Riadh 2017}) 9. Be2 c5 10. d5 e6 {LiveBook: 41 Games} 11. e4 exd5 12. exd5 b6 13. O-O Bb7 $146 14. Bf3 Nd7 15. d6 Bxf3 16. Qxf3 Ne5 17. Qd5 Qh4 18. Ne4 h6 19. Bd2 Rae8 20. Rae1 {[#]} (20. f3 $11 {remains equal.}) 20... Re6 (20... Nf3+ $1 $17 21. gxf3 Re5) 21. Bc3 $11 Rfe8 ({Black should play} 21... Ng4 $11 22. h3 Bxc3 23. bxc3 Nf6 24. Nxf6+ Qxf6) 22. d7 $2 (22. f3 $1 $14 {keeps the upper hand.}) 22... Rd8 $40 {[%mdl 128] Black mounts an attack.} 23. Nxc5 bxc5 24. Bxe5 Qe7 25. f4 Rxd7 26. Qa8+ Rd8 27. Qf3 Re8 (27... Rd2 $17 {[%cal Rg7e5]} 28. b3 Bxe5 29. fxe5 Rxa2) 28. g3 f5 {[%cal Rg7e5]} 29. Qd5 Kh7 30. Bc3 $2 {[%mdl 8192] [#]} (30. Re2 $15) 30... Bxc3 $19 ({And not} 30... Rxe1 31. Rxe1 Qxe1+ 32. Bxe1 $16) 31. Rxe6 Qxe6 {Precision: White = 39%, Black = 55%.} 0-1